[Event "Unna Open 2023"]
[Site "Unna"]
[Date "2023.12.28"]
[Round "3.50"]
[White "Otuk, Yusuf Miralay"]
[Black "Cassel, Silas"]
[Result "0-1"]
[WhiteElo "1113"]
[BlackElo "1545"]
[PlyCount "178"]
[EventDate "2023.12.??"]
[EventType "swiss"]
[EventRounds "7"]
[EventCountry "GER"]
[Tiebreak "Progressive score"]
[SourceVersionDate "2023.12.27"]

1. e4 c6 2. d4 d5 3. exd5 cxd5 4. c4 Nf6 5. Nc3 Nc6 6. Nf3 Bg4 7. Be2 e6 8. c5
Bxf3 9. Bxf3 b6 10. Qa4 Rc8 11. b4 Qd7 12. b5 Nxd4 13. Qxd4 Bxc5 14. Qd3 Qc7
15. Bb2 Bb4 16. Rc1 Qe5+ 17. Qe3 Qd6 18. Qg5 d4 19. Bc6+ Kf8 20. Qd2 Qe5+ 21.
Kf1 dxc3 22. Bxc3 Bxc3 23. Rxc3 Ne4 24. Qd7 Qc7 25. Rd3 g6 26. Ke2 Qxd7 27.
Rxd7 Nc5 28. Rxa7 Kg7 29. Rd1 Rhd8 30. a4 Nb3 31. Rxd8 Rxd8 32. Rb7 Rd4 33.
Rxb6 Rxa4 34. Ra6 Rb4 35. Ke3 Nd4 36. Rb6 Kf6 37. Kd3 e5 38. Kc3 Rb1 39. Kc4
Rc1+ 40. Kd5 Rd1 41. Kc4 Rc1+ 42. Kd5 Rd1 43. Ke4 Re1+ 44. Kd3 Rd1+ 45. Kc3
Nxc6 46. Ra6 Rc1+ 47. Kb2 Rc5 48. bxc6 Ke6 49. c7+ Kd7 50. Rf6 Ke7 51. Rf3 Rxc7
52. Rh3 h5 53. Re3 Kd6 54. Rd3+ Ke6 55. Ra3 g5 56. Ra6+ Kf5 57. Rh6 h4 58. Ra6
Rc4 59. Ra7 f6 60. Ra3 g4 61. Rc3 Rxc3 62. Kxc3 e4 63. Kd2 Kf4 64. Ke2 f5 65.
h3 g3 66. Kf1 gxf2 67. Kxf2 e3+ 68. Ke2 Kg3 69. Kxe3 Kxg2 70. Kf4 Kxh3 71. Kf3
Kh2 72. Kf2 h3 73. Kf1 Kg3 74. Kg1 f4 75. Kh1 Kf2 76. Kh2 f3 77. Kh1 Ke2 78.
Kh2 f2 79. Kxh3 f1=Q+ 80. Kg4 Ke3 81. Kg5 Ke4 82. Kg6 Ke5 83. Kg7 Ke6 84. Kg8
Ke7 85. Kg7 Qg2+ 86. Kh6 Kf7 87. Kh5 Kf6 88. Kh4 Kf5 89. Kh5 Qg5# 0-1

[Event "Unna Open 2023"]
[Site "Unna"]
[Date "2023.12.28"]
[Round "3.51"]
[White "Fischer, Jürgen"]
[Black "Ilic, Mihajlo"]
[Result "1/2-1/2"]
[WhiteElo "1372"]
[BlackElo "1010"]
[Annotator "Medger,Gernot"]
[PlyCount "30"]
[EventDate "2023.12.??"]
[EventType "swiss"]
[EventRounds "7"]
[EventCountry "GER"]
[Tiebreak "Progressive score"]
[SourceVersionDate "2023.12.27"]

1. d4 d5 2. Bf4 Nf6 3. Nf3 Bf5 4. e3 e6 5. Bd3 Bxd3 6. Qxd3 Bd6 7. Bg3 c6 8.
Nbd2 O-O 9. O-O-O Re8 10. Ne5 c5 11. c3 Nc6 12. Rde1 Qc7 13. e4 Nxe5 14. dxe5
Bxe5 15. Bxe5 Qxe5 $11 1/2-1/2

[Event "Unna Open 2023"]
[Site "Unna"]
[Date "2023.12.28"]
[Round "3.52"]
[White "Bintig, Til"]
[Black "Leufert, Nils Florian"]
[Result "1-0"]
[WhiteElo "1322"]
[BlackElo "981"]
[PlyCount "63"]
[EventDate "2023.12.??"]
[EventType "swiss"]
[EventRounds "7"]
[EventCountry "GER"]
[Tiebreak "Progressive score"]
[SourceVersionDate "2023.12.27"]

1. c4 d6 2. d4 e5 3. dxe5 dxe5 4. Qxd8+ Kxd8 5. Nc3 f6 6. g3 c6 7. Bg2 Be6 8.
b3 Bb4 9. Bd2 Nd7 10. e3 Ne7 11. Nge2 Kc7 12. Nb5+ cxb5 13. Bxb4 Nc6 14. Bxc6
bxc6 15. cxb5 cxb5 16. Rc1+ Kb7 17. O-O Rhc8 18. Kg2 Rxc1 19. Rxc1 Bd5+ 20. f3
e4 21. f4 Rc8 22. Rxc8 Kxc8 23. Nd4 a6 24. Nf5 g6 25. Ne7+ Kc7 26. Nxd5+ Kc6
27. Nc3 f5 28. h3 h6 29. g4 h5 30. gxf5 gxf5 31. Ne2 h4 32. Nd4+ 1-0

[Event "Unna Open 2023"]
[Site "Unna"]
[Date "2023.12.28"]
[Round "3.53"]
[White "Ait Khouya, Muhammad"]
[Black "Leufert, Jan-Frederik"]
[Result "1-0"]
[WhiteElo "1298"]
[BlackElo "930"]
[PlyCount "92"]
[EventDate "2023.12.??"]
[EventType "swiss"]
[EventRounds "7"]
[EventCountry "GER"]
[Tiebreak "Progressive score"]
[SourceVersionDate "2023.12.27"]

1. e4 d5 2. exd5 Qxd5 3. Nc3 Qd8 4. Nf3 Bg4 5. Be2 e6 6. d3 Nf6 7. a3 Nc6 8.
Bd2 Bd6 9. h3 Bxf3 10. Bxf3 Qd7 11. b4 Rb8 12. Bg5 Be5 13. d4 Qxd4 14. Qxd4
Bxd4 15. Bd2 O-O 16. Rd1 Rfd8 17. Bxc6 bxc6 18. O-O Rd7 19. Nb1 Ne4 20. Be3
Rbd8 21. Bxd4 Rxd4 22. Rde1 Nd2 23. Nxd2 Rxd2 24. c3 R2d3 25. Rc1 h6 26. Rfe1
Ra8 27. Re5 Rad8 28. Rc5 R3d6 29. Ra5 Ra8 30. c4 f6 31. c5 Rd7 32. Ra6 e5 33.
Rxc6 a5 34. b5 Rb8 35. a4 Kf7 36. Ra6 Rdd8 37. Rxa5 Ra8 38. Rxa8 Rxa8 39. Ra1
Ke6 40. Kf1 Kd5 41. c6 Kc5 42. Ke2 Kb6 43. Ke3 Ka5 44. Ke4 Kb4 45. g3 Kb3 46.
Rb1+ Kxa4 1-0

[Event "Unna Open 2023"]
[Site "Unna"]
[Date "2023.12.28"]
[Round "3.54"]
[White "Mazaheri, Amirmahyar"]
[Black "Pollok, Jörg"]
[Result "0-1"]
[WhiteElo "919"]
[BlackElo "1251"]
[PlyCount "56"]
[EventDate "2023.12.??"]
[EventType "swiss"]
[EventRounds "7"]
[EventCountry "GER"]
[Tiebreak "Progressive score"]
[SourceVersionDate "2023.12.27"]

1. e4 e6 2. f3 c5 3. Nc3 a6 4. Bc4 b5 5. Be2 Bb7 6. d3 d5 7. d4 cxd4 8. Qxd4
Nc6 9. Qd2 b4 10. Nd1 Be7 11. Nh3 Qb6 12. Ndf2 dxe4 13. fxe4 Rd8 14. Qe3 Bc5
15. Qg3 Nge7 16. Bf4 Rd7 17. O-O O-O 18. Bh6 Ng6 19. Bf4 e5 20. Bg5 Nd4 21. Bg4
f6 22. Bxd7 Ne2+ 23. Kh1 Nxg3+ 24. hxg3 fxg5 25. Kg1 g4 26. Bxg4 Bxe4 27. Ng5
Bxf2+ 28. Rxf2 Qxf2+ 0-1

[Event "Unna Open 2023"]
[Site "Unna"]
[Date "2023.12.28"]
[Round "3.55"]
[White "Mallek, Peter"]
[Black "Weiner, Letizia Marilena"]
[Result "1-0"]
[WhiteElo "1190"]
[BlackElo "909"]
[PlyCount "47"]
[EventDate "2023.12.??"]
[EventType "swiss"]
[EventRounds "7"]
[EventCountry "GER"]
[Tiebreak "Progressive score"]
[SourceVersionDate "2023.12.27"]

1. e4 c6 2. d4 d5 3. exd5 cxd5 4. Nf3 Nc6 5. Bd3 Bg4 6. c3 e6 7. O-O Nf6 8.
Nbd2 Bd6 9. Re1 O-O 10. Qc2 Qc7 11. a3 e5 12. dxe5 Nxe5 13. Nxe5 Bxe5 14. g3
Qc5 15. Rxe5 Rfe8 16. Rxe8+ Rxe8 17. Nb3 Re1+ 18. Kg2 Qc6 19. Nd4 Qe8 20. b4
Rd1 21. Bb2 Re1 22. Rxe1 Qxe1 23. Be2 Ne4 24. Bxg4 1-0

[Event "Unna Open 2023"]
[Site "Unna"]
[Date "2023.12.28"]
[Round "4.1"]
[White "Korten, Lando"]
[Black "Luft, Dennis"]
[Result "1-0"]
[WhiteElo "2173"]
[BlackElo "2310"]
[PlyCount "87"]
[EventDate "2023.12.??"]
[EventType "swiss"]
[EventRounds "7"]
[EventCountry "GER"]
[Tiebreak "Progressive score"]
[SourceVersionDate "2023.12.27"]

1. d4 d5 2. c4 e6 3. Nc3 Nf6 4. cxd5 exd5 5. Bg5 Be7 6. e3 c6 7. Bd3 Nbd7 8.
Qc2 O-O 9. Nf3 Re8 10. O-O g6 11. Bf4 Bf8 12. h3 Nh5 13. Bh2 Ndf6 14. Rab1 Bd6
15. Ne5 Nd7 16. Nf3 Qe7 17. Bxd6 Qxd6 18. b4 b6 19. Rfc1 Bb7 20. a4 a5 21. bxa5
Rxa5 22. Ne5 Nxe5 23. dxe5 Qxe5 24. Rxb6 Ba8 25. Ne2 Qc7 26. Rb5 Rc8 27. Rc5
Nf6 28. Bb5 Qb6 29. Nd4 Rc7 30. Bxc6 Bxc6 31. Rxc6 Rxc6 32. Nxc6 Ra8 33. a5 Qa6
34. Qc5 Qd3 35. Qd4 Qxd4 36. exd4 Ra6 37. f3 Kf8 38. Rc5 Nd7 39. Rxd5 Rxc6 40.
Rxd7 Ke8 41. Rb7 Rc1+ 42. Kf2 Ra1 43. Ra7 Ra2+ 44. Ke3 1-0

[Event "Unna Open 2023"]
[Site "Unna"]
[Date "2023.12.28"]
[Round "4.2"]
[White "Tkachuk, Konstantin"]
[Black "Patscha, Elias"]
[Result "1-0"]
[WhiteElo "2241"]
[BlackElo "2077"]
[Annotator "Medger,Gernot"]
[PlyCount "93"]
[EventDate "2023.12.??"]
[EventType "swiss"]
[EventRounds "7"]
[EventCountry "GER"]
[Tiebreak "Progressive score"]
[SourceVersionDate "2023.12.27"]

1. e4 d5 2. exd5 Qxd5 3. Nc3 Qd6 4. d4 Nf6 5. Nf3 a6 6. g3 Bg4 7. Bg2 Nc6 8.
Bf4 Qe6+ 9. Qe2 Qxe2+ 10. Nxe2 O-O-O 11. O-O-O Nd5 12. Bd2 e5 $11 13. dxe5 Bxf3
14. Bxf3 Nxe5 15. Bg5 Be7 16. Bxd5 Bxg5+ 17. f4 Bh6 18. Kb1 Ng4 19. Bxf7 Kb8
20. h4 g6 21. Kc1 Bg7 22. h5 gxh5 23. Bxh5 Nf2 24. Rxd8+ Rxd8 25. Rf1 Ne4 26.
Bf3 Nc5 27. Nc3 c6 28. Ne4 Nxe4 29. Bxe4 h6 30. c3 Kc7 31. Kc2 Re8 32. Kd3 a5
33. Ke3 Re7 34. Kf3 b5 35. a3 c5 36. a4 b4 37. cxb4 axb4 38. b3 Kd6 39. Rd1+
Bd4 40. Rh1 Re6 41. Rh5 Ke7 42. Bd5 Rg6 43. Bc4 Kd6 44. a5 Kc6 45. Rf5 Rf6 46.
Rxf6+ Bxf6 47. Kg4 1-0

[Event "Unna Open 2023"]
[Site "Unna"]
[Date "2023.12.28"]
[Round "4.3"]
[White "Torres-Kuckel, Rafael"]
[Black "Cofmann, Veaceslav"]
[Result "1/2-1/2"]
[WhiteElo "2128"]
[BlackElo "2210"]
[Annotator "Medger,Gernot"]
[PlyCount "39"]
[EventDate "2023.12.??"]
[EventType "swiss"]
[EventRounds "7"]
[EventCountry "GER"]
[Tiebreak "Progressive score"]
[SourceVersionDate "2023.12.27"]

1. e4 e6 2. d4 d5 3. exd5 exd5 4. Nf3 Nf6 5. c4 Bb4+ 6. Nc3 O-O 7. Be2 dxc4 8.
O-O Nbd7 9. Bxc4 Nb6 10. Bb3 Bf5 11. Bg5 Be7 12. Re1 Bg6 13. Ne5 c6 14. Nxg6
hxg6 15. Qf3 Qd7 16. Rad1 Rae8 17. h3 Bd8 18. Rxe8 Rxe8 19. Bxf6 Bxf6 20. Ne4
$11 1/2-1/2

[Event "Unna Open 2023"]
[Site "Unna"]
[Date "2023.12.28"]
[Round "4.4"]
[White "Wichtrup, Jan-Louis"]
[Black "Winterberg, Andreas"]
[Result "1/2-1/2"]
[WhiteElo "2105"]
[BlackElo "1973"]
[PlyCount "52"]
[EventDate "2023.12.??"]
[EventType "swiss"]
[EventRounds "7"]
[EventCountry "GER"]
[Tiebreak "Progressive score"]
[SourceVersionDate "2023.12.27"]

1. d4 Nf6 2. Nf3 d5 3. c4 e6 4. g3 Be7 5. Bg2 O-O 6. Nc3 b6 7. cxd5 exd5 8. O-O
Bb7 9. Bf4 Bd6 10. Bxd6 Qxd6 11. Rc1 a6 12. Ne5 Nbd7 13. Nxd7 Qxd7 14. b4 Rfe8
15. Qb3 a5 16. b5 a4 17. Qb4 Ra5 18. a3 Ne4 19. Nxe4 dxe4 20. Rc3 Bd5 21. Rfc1
Qxb5 22. Qxb5 Rxb5 23. Rxc7 Rb3 24. R1c3 Rb1+ 25. Rc1 Rb3 26. R1c3 Rb1+ 1/2-1/2

[Event "Unna Open 2023"]
[Site "Unna"]
[Date "2023.12.28"]
[Round "4.5"]
[White "Ringwelski, Marius"]
[Black "Junk, Phillip"]
[Result "1/2-1/2"]
[WhiteElo "1986"]
[BlackElo "2123"]
[Annotator "Medger,Gernot"]
[PlyCount "157"]
[EventDate "2023.12.??"]
[EventType "swiss"]
[EventRounds "7"]
[EventCountry "GER"]
[Tiebreak "Progressive score"]
[SourceVersionDate "2023.12.27"]

1. d4 d5 2. c4 e6 3. Nf3 Nf6 4. Nc3 Be7 5. Bg5 O-O 6. Rc1 c6 7. e3 Nbd7 8. Bd3
dxc4 9. Bxc4 h6 10. Bh4 c5 11. O-O cxd4 12. exd4 Nb6 13. Bd3 Nbd5 14. Re1 b6
15. Bb1 Bb7 16. Ne5 Re8 17. Ne2 Rc8 18. Rxc8 $11 Qxc8 19. Qa4 a6 20. Rc1 Qa8
21. a3 Rc8 22. Rxc8+ Qxc8 23. Qc2 Qxc2 24. Bxc2 Kf8 25. Kf1 Ke8 26. Ba4+ b5 27.
Bc2 Nb6 28. f3 Nfd7 29. Bxe7 Kxe7 30. Nd3 Nc4 31. Kf2 Kd6 32. a4 bxa4 33. Bxa4
Bc6 34. Bxc6 Kxc6 35. Nc3 a5 36. b4 Kd6 37. bxa5 Nxa5 38. Nb4 Nb6 39. Ke3 Nc6
40. Nc2 Ne7 41. Ne4+ Kc6 42. Kd3 Nbd5 43. g3 Nf5 44. Nd2 Nd6 45. Ne4 Kd7 46.
Nd2 Ke7 47. Ne4 h5 48. Na3 Nf5 49. Nc2 f6 50. Ke2 g5 51. Kd3 Nd6 52. Ke2 Nf5
53. Kd3 h4 54. Ke2 Kf7 55. Kf2 Nc7 56. gxh4 Nxh4 57. Ne3 Ng6 58. Kg3 Ke7 59.
Ng2 Nb5 60. h4 gxh4+ 61. Nxh4 Nxh4 62. Kxh4 Nxd4 63. Kg3 Kf7 64. Kf2 Kg6 65.
Ke3 Nc6 66. f4 Ne7 67. Kf3 Nd5 68. Nd6 Ne7 69. Ke4 Kg7 70. f5 e5 71. Nc4 Nc6
72. Kd5 Nb4+ 73. Ke4 Nc6 74. Kd5 Ne7+ 75. Ke4 Nc8 76. Nxe5 Nd6+ 77. Kf4 fxe5+
78. Kxe5 Nxf5 79. Kxf5 1/2-1/2

[Event "Unna Open 2023"]
[Site "Unna"]
[Date "2023.12.28"]
[Round "4.6"]
[White "Ciornei, Dragos"]
[Black "Bauch, Olaf"]
[Result "1-0"]
[WhiteElo "2064"]
[BlackElo "1923"]
[PlyCount "45"]
[EventDate "2023.12.??"]
[EventType "swiss"]
[EventRounds "7"]
[EventCountry "GER"]
[Tiebreak "Progressive score"]
[SourceVersionDate "2023.12.27"]

1. e4 c5 2. Nf3 d6 3. d4 cxd4 4. Nxd4 Nf6 5. Nc3 a6 6. Bc4 e6 7. Bb3 Be7 8. f4
Qc7 9. Qf3 Nc6 10. Be3 Bd7 11. f5 Nxd4 12. Bxd4 b5 13. a3 e5 14. Bf2 Bc6 15.
O-O O-O 16. g4 Qb7 17. Rfe1 Nd7 18. Nd5 Bd8 19. Rad1 Nc5 20. Ba2 Rc8 21. c3 Kh8
22. h4 Ne6 23. fxe6 1-0

[Event "Unna Open 2023"]
[Site "Unna"]
[Date "2023.12.28"]
[Round "4.7"]
[White "Stöckmann, Helmut"]
[Black "Georg, Felix"]
[Result "1/2-1/2"]
[WhiteElo "1967"]
[BlackElo "2051"]
[PlyCount "98"]
[EventDate "2023.12.??"]
[EventType "swiss"]
[EventRounds "7"]
[EventCountry "GER"]
[Tiebreak "Progressive score"]
[SourceVersionDate "2023.12.27"]

1. c4 e6 2. Nf3 f5 3. Nc3 Nf6 4. g3 Be7 5. Bg2 O-O 6. O-O d6 7. d4 Ne4 8. Qc2
Nxc3 9. Qxc3 a5 10. b3 Nc6 11. Bb2 Bf6 12. a3 e5 13. e3 g5 14. Rad1 Qe7 15. d5
g4 16. Ne1 e4 17. Qd2 Bxb2 18. dxc6 Bxa3 19. Nc2 Bc5 20. cxb7 Bxb7 21. Nd4 Bb4
22. Qc2 Qe5 23. Ne2 Bc6 24. Nf4 a4 25. Nd5 Bxd5 26. Rxd5 axb3 27. Qxb3 Qc3 28.
Qxc3 Bxc3 29. Rb1 Be5 30. Rdb5 c5 31. Rb7 Rf7 32. Bf1 Ra7 33. Rxf7 Kxf7 34. Kg2
Bc3 35. h3 h5 36. hxg4 hxg4 37. Be2 Ra2 38. Kf1 Bb4 39. Bd1 Ke6 40. Bb3 Rd2 41.
Kg1 Ke7 42. Kf1 Kd8 43. Kg2 Kc7 44. Rh1 Rb2 45. Ba4 Bd2 46. Rh7+ Kb6 47. Kf1
Rb1+ 48. Kg2 Rb2 49. Kf1 Rb1+ 1/2-1/2

[Event "Unna Open 2023"]
[Site "Unna"]
[Date "2023.12.28"]
[Round "4.8"]
[White "Meier, Jan"]
[Black "Dahlbeck, Mirko"]
[Result "1/2-1/2"]
[WhiteElo "1856"]
[BlackElo "2013"]
[PlyCount "133"]
[EventDate "2023.12.??"]
[EventType "swiss"]
[EventRounds "7"]
[EventCountry "GER"]
[Tiebreak "Progressive score"]
[SourceVersionDate "2023.12.27"]

1. d4 d5 2. Nf3 Nf6 3. e3 e6 4. Bd3 c5 5. b3 b6 6. Nbd2 Ba6 7. Qe2 Bxd3 8. Qxd3
Nc6 9. a3 cxd4 10. exd4 Bd6 11. O-O O-O 12. Bb2 Qe7 13. Rfe1 a6 14. c4 Rfc8 15.
b4 dxc4 16. Nxc4 Nd5 17. Rac1 Bf4 18. Ne3 Qd6 19. Rcd1 Rd8 20. Nxd5 Qxd5 21. g3
Bd6 22. Qe2 Be7 23. Ne5 b5 24. Nxc6 Qxc6 25. Rc1 Qd7 26. Red1 Rac8 27. Rxc8
Rxc8 28. Qe4 Bf6 29. Rd2 h6 30. Rc2 g6 31. Rxc8+ Qxc8 32. Qd3 Kg7 33. h4 Qc6
34. Qd2 Qc4 35. Qc3 Qd5 36. Qe3 Qa2 37. Qd2 Qb1+ 38. Kg2 Qe4+ 39. Kg1 Kh7 40.
Bc3 g5 41. hxg5 Bxg5 42. Qd1 Kg6 43. a4 h5 44. axb5 axb5 45. Qf1 Qc2 46. Qe1
Qd3 47. Kg2 Qc4 48. f4 Qd5+ 49. Kf2 Bf6 50. Qe3 Qf5 51. Kf3 Qg4+ 52. Ke4 Qf5+
53. Kf3 Qg4+ 54. Ke4 Be7 55. Kd3 Bd6 56. Bd2 Qd1 57. f5+ Kh7 58. Qh6+ Kg8 59.
Qg5+ Kh7 60. Qh6+ Kg8 61. Qg5+ Kh7 62. fxe6 Qf3+ 63. Be3 Qd1+ 64. Ke4 Qh1+ 65.
Kd3 Qd1+ 66. Ke4 Qh1+ 67. Kd3 1/2-1/2

[Event "Unna Open 2023"]
[Site "Unna"]
[Date "2023.12.28"]
[Round "4.9"]
[White "Stricker, Florian"]
[Black "Brieger, Sebastian"]
[Result "1-0"]
[WhiteElo "2229"]
[BlackElo "1891"]
[Annotator "Medger,Gernot"]
[PlyCount "93"]
[EventDate "2023.12.??"]
[EventType "swiss"]
[EventRounds "7"]
[EventCountry "GER"]
[Tiebreak "Progressive score"]
[SourceVersionDate "2023.12.27"]

1. e4 c5 2. Nc3 Nc6 3. Bb5 Nd4 4. Nf3 e6 5. O-O Nxb5 6. Nxb5 a6 7. Nc3 b5 8.
Re1 Bb7 9. b3 Nf6 10. e5 Nd5 11. Ne4 Nb6 12. d4 Bxe4 13. Rxe4 d5 14. exd6 Bxd6
15. Be3 c4 16. Rg4 Kf8 17. Ne5 h5 18. Rg5 Bxe5 19. Rxe5 Nd5 20. bxc4 bxc4 21.
Rxh5 Rxh5 22. Qxh5 Kg8 23. Qe2 Qc7 24. h4 Rb8 25. h5 Rb2 26. Bc1 c3 27. h6 g6
28. Bxb2 cxb2 29. Rb1 Nc3 30. Qf3 Kh7 31. Rxb2 Nd5 32. g3 Kxh6 33. Qd3 a5 34.
c4 Nb4 35. Qe3+ Kh7 36. a3 Nc6 37. Qe4 Qd7 38. d5 exd5 39. cxd5 Ne7 40. d6 Qxd6
41. Rb7 Nf5 42. Rxf7+ Kh6 43. Qf4+ Qxf4 44. gxf4 Nd6 45. Ra7 Nc4 46. a4 Kh5 47.
f3 1-0

[Event "Unna Open 2023"]
[Site "Unna"]
[Date "2023.12.28"]
[Round "4.10"]
[White "Hammerschmidt, Martin"]
[Black "Tkachuk, Sergiy"]
[Result "0-1"]
[WhiteElo "1745"]
[BlackElo "2236"]
[PlyCount "59"]
[EventDate "2023.12.??"]
[EventType "swiss"]
[EventRounds "7"]
[EventCountry "GER"]
[Tiebreak "Progressive score"]
[SourceVersionDate "2023.12.27"]

1. e4 c5 2. Nf3 d6 3. d4 cxd4 4. Nxd4 Nf6 5. Nc3 g6 6. Bc4 Bg7 7. f3 O-O 8. Be3
Nc6 9. Qd2 Bd7 10. g4 Rc8 11. Be2 Ne5 12. h4 h5 13. g5 Nh7 14. Nd1 Nc4 15. Qd3
Nxe3 16. Nxe3 Qa5+ 17. c3 Bc6 18. O-O Rfd8 19. b4 Qe5 20. f4 Qxe4 21. Nxc6 Qxc6
22. Nd5 Qd7 23. Rac1 e6 24. Ne3 Nf8 25. c4 Qc7 26. Bf3 d5 27. Bg2 dxc4 28. Qxc4
Qb6 29. Qe2 Bd4 30. Kf2 0-1

[Event "Unna Open 2023"]
[Site "Unna"]
[Date "2023.12.28"]
[Round "4.11"]
[White "Köhler, Christian Friedrich"]
[Black "Dubinker, Philipp"]
[Result "1-0"]
[WhiteElo "2210"]
[BlackElo "1793"]
[Annotator "Medger,Gernot"]
[PlyCount "55"]
[EventDate "2023.12.??"]
[EventType "swiss"]
[EventRounds "7"]
[EventCountry "GER"]
[Tiebreak "Progressive score"]
[SourceVersionDate "2023.12.27"]

1. e4 e5 2. Nf3 Nc6 3. Bb5 a6 4. Bxc6 dxc6 5. O-O Bg4 6. h3 h5 7. d3 Qf6 8.
Nbd2 g5 9. Nc4 Bxf3 10. Qxf3 Qxf3 11. gxf3 f6 12. h4 g4 13. f4 Bd6 14. fxe5
Bxe5 15. Nxe5 fxe5 $11 16. Bg5 Ne7 17. f4 exf4 18. Rxf4 Rh7 19. Raf1 Kd7 20.
Rf7 Rxf7 21. Rxf7 Re8 22. Rh7 Ke6 23. Bxe7 Rxe7 24. Rxh5 Rg7 25. Rg5 Rxg5 26.
hxg5 Kf7 27. e5 c5 28. Kg2 1-0

[Event "Unna Open 2023"]
[Site "Unna"]
[Date "2023.12.28"]
[Round "4.12"]
[White "Klein, Andreas"]
[Black "Baumann, Stephan"]
[Result "0-1"]
[WhiteElo "1677"]
[BlackElo "2062"]
[PlyCount "42"]
[EventDate "2023.12.??"]
[EventType "swiss"]
[EventRounds "7"]
[EventCountry "GER"]
[Tiebreak "Progressive score"]
[SourceVersionDate "2023.12.27"]

1. e4 e5 2. Bc4 Nc6 3. Nf3 Nf6 4. d3 Be7 5. c3 O-O 6. Bb3 d5 7. Qe2 Bg4 8. h3
Bxf3 9. Qxf3 d4 10. O-O Nd7 11. Nd2 Nc5 12. Bc2 Qd7 13. Rd1 f5 14. exf5 Rxf5
15. Qe2 Raf8 16. Nf3 Rxf3 17. gxf3 Qxh3 18. Qf1 Qh5 19. f4 exf4 20. f3 Ne5 21.
Kg2 Rf6 0-1

[Event "Unna Open 2023"]
[Site "Unna"]
[Date "2023.12.28"]
[Round "4.13"]
[White "Mann, Gergely"]
[Black "Stöckmann, Helmut"]
[Result "1/2-1/2"]
[WhiteElo "2051"]
[BlackElo "1967"]
[PlyCount "77"]
[EventDate "2023.12.??"]
[EventType "swiss"]
[EventRounds "7"]
[EventCountry "GER"]
[Tiebreak "Progressive score"]
[SourceVersionDate "2023.12.27"]

1. e4 c5 2. Nf3 d6 3. d4 cxd4 4. Nxd4 Nf6 5. Nc3 a6 6. Bg5 e6 7. f4 Nbd7 8. Bc4
Qb6 9. Bb3 Be7 10. Qd2 Nc5 11. Qe3 Nxb3 12. axb3 e5 13. Nf5 Qxe3+ 14. Nxe3 exf4
15. Bxf6 Bxf6 16. Ned5 Bxc3+ 17. bxc3 O-O 18. O-O Be6 19. Nxf4 Rac8 20. c4 Rfe8
21. Rfd1 b5 22. Rxa6 bxc4 23. b4 Bd7 24. Rd4 Bc6 25. Nd5 Bxd5 26. exd5 Kf8 27.
Rxd6 Re2 28. Rc6 Ra8 29. h3 Rxc2 30. d6 Ke8 31. b5 c3 32. Re4+ Kd8 33. Re7 Raa2
34. Rxf7 Rxg2+ 35. Kf1 Rh2 36. Kg1 Rhg2+ 37. Kf1 Rh2 38. Kg1 Rhg2+ 39. Kf1
1/2-1/2

[Event "Unna Open 2023"]
[Site "Unna"]
[Date "2023.12.28"]
[Round "4.14"]
[White "Höllmann, Ludger"]
[Black "Deysenroth, Patrick"]
[Result "1-0"]
[WhiteElo "2015"]
[BlackElo "1743"]
[PlyCount "51"]
[EventDate "2023.12.??"]
[EventType "swiss"]
[EventRounds "7"]
[EventCountry "GER"]
[Tiebreak "Progressive score"]
[SourceVersionDate "2023.12.27"]

1. d4 d5 2. Nf3 Nf6 3. g3 e6 4. Bg2 Be7 5. O-O O-O 6. c4 dxc4 7. Qc2 a6 8. Qxc4
b5 9. Qc2 Bb7 10. Bg5 Be4 11. Qc1 c6 12. Nbd2 Bg6 13. Nb3 Qb6 14. Ne5 Nd5 15.
Bxe7 Nxe7 16. Nc5 Rd8 17. e3 Rd6 18. Rd1 f6 19. Nxg6 Nxg6 20. Qc2 Kf7 21. Rac1
Ra7 22. e4 Qc7 23. Qe2 Rd8 24. Bh3 Rh8 25. Bxe6+ Kf8 26. Bb3 1-0

[Event "Unna Open 2023"]
[Site "Unna"]
[Date "2023.12.28"]
[Round "4.15"]
[White "Wirthmann, Stefan"]
[Black "Gieseler, Felix"]
[Result "0-1"]
[WhiteElo "1733"]
[BlackElo "1948"]
[PlyCount "92"]
[EventDate "2023.12.??"]
[EventType "swiss"]
[EventRounds "7"]
[EventCountry "GER"]
[Tiebreak "Progressive score"]
[SourceVersionDate "2023.12.27"]

1. e4 e5 2. Bc4 Nf6 3. d4 exd4 4. Nf3 Nc6 5. O-O Bc5 6. e5 d5 7. exf6 dxc4 8.
Re1+ Be6 9. Ng5 Qxf6 10. Nxe6 fxe6 11. Qh5+ Kd7 12. Qxc5 Raf8 13. f3 h6 14. Nd2
g5 15. Ne4 Qg6 16. Qxc4 Kc8 17. Nc5 e5 18. Bd2 Rf6 19. Qd3 Qg7 20. Qb5 b6 21.
Ne4 Rg6 22. a4 a5 23. Ng3 h5 24. Qd3 h4 25. Ne4 h3 26. g3 Rf8 27. Rf1 Kb7 28.
c3 dxc3 29. Bxc3 Rd8 30. Qc4 Qe7 31. Rad1 Rgg8 32. Qb3 Rgf8 33. Rxd8 Rxd8 34.
Rd1 Nd4 35. Bxd4 exd4 36. Qd3 Qe5 37. Kf2 g4 38. f4 Qd5 39. Rd2 c5 40. Re2 c4
41. Qa3 d3 42. Re3 d2 43. Nxd2 Qg2+ 44. Ke1 Qxd2+ 45. Kf1 Qg2+ 46. Ke1 Qg1+ 0-1

[Event "Unna Open 2023"]
[Site "Unna"]
[Date "2023.12.28"]
[Round "4.16"]
[White "Kappelhoff, Pius"]
[Black "Gasper, Jörn"]
[Result "1/2-1/2"]
[WhiteElo "1671"]
[BlackElo "1933"]
[PlyCount "131"]
[EventDate "2023.12.??"]
[EventType "swiss"]
[EventRounds "7"]
[EventCountry "GER"]
[Tiebreak "Progressive score"]
[SourceVersionDate "2023.12.27"]

1. e4 c5 2. b3 Nc6 3. Bb2 d6 4. Nf3 Nf6 5. Nc3 e5 6. Bc4 Be7 7. h3 O-O 8. Qe2
a6 9. a4 Nb4 10. d3 Bd7 11. O-O Bc6 12. Nh2 b6 13. Ba3 Qd7 14. Bxb4 cxb4 15.
Nd5 Bxd5 16. Bxd5 Nxd5 17. exd5 Qb7 18. Qe4 Rac8 19. Ra2 a5 20. f4 f5 21. Qf3
Rc5 22. fxe5 dxe5 23. Re1 Qxd5 24. Qe2 Bf6 25. Nf3 Qc6 26. Qf2 Rd8 27. Kh1 g6
28. Qg3 Qc7 29. Re2 Qg7 30. Nd2 Rc3 31. Qf2 Rc5 32. Nc4 Qc7 33. g4 Qc6+ 34. Kh2
fxg4 35. hxg4 Rd4 36. Qg3 Bg5 37. Kh3 Bf4 38. Qg2 Rdd5 39. Re4 Qe6 40. Ra1 h5
41. Rf1 g5 42. Ne3 Bxe3 43. Rxe3 Rd4 44. Re4 Rxe4 45. Qxe4 Qxg4+ 46. Qxg4 hxg4+
47. Kxg4 Rxc2 48. Kxg5 Rc3 49. Kf6 Rxd3 50. Kxe5 Rxb3 51. Rf6 Ra3 52. Rxb6 Rxa4
53. Kd4 Ra3 54. Kc4 Kf7 55. Ra6 Ke7 56. Rb6 Kd7 57. Rh6 Ra1 58. Kb3 Kc7 59. Rg6
Kb7 60. Rh6 Rc1 61. Ka4 Rc6 62. Rh5 Rb6 63. Kxa5 Ka7 64. Rh7+ Rb7 65. Rxb7+
Kxb7 66. Kxb4 1/2-1/2

[Event "Unna Open 2023"]
[Site "Unna"]
[Date "2023.12.28"]
[Round "4.17"]
[White "Kantor, Nikita"]
[Black "Vatter, Klaus"]
[Result "1-0"]
[WhiteElo "1919"]
[BlackElo "1717"]
[PlyCount "39"]
[EventDate "2023.12.??"]
[EventType "swiss"]
[EventRounds "7"]
[EventCountry "GER"]
[Tiebreak "Progressive score"]
[SourceVersionDate "2023.12.27"]

1. Nf3 f5 2. d3 Nf6 3. e4 fxe4 4. Ng5 e3 5. Bxe3 e5 6. Be2 Nc6 7. d4 d5 8. dxe5
Nxe5 9. Qd4 Bd6 10. Qh4 c5 11. Bh5+ g6 12. f4 Nxh5 13. fxe5 Bxe5 14. O-O Bf6
15. Bxc5 Bxg5 16. Qe1+ Kd7 17. Rf7+ Kc6 18. Qc3 Bf6 19. Rxf6+ Nxf6 20. Be7+ 1-0